| 000 | 00881cam a22002653a 4500 | ||
|---|---|---|---|
| 001 | 0000724 | ||
| 003 | DO-SdBNP | ||
| 005 | 20171017095556.0 | ||
| 007 | 0000724 | ||
| 008 | 861112 1989 sp a 000 0 spa d | ||
| 010 | _a | ||
| 020 | _a8471516039 | ||
| 040 |
_aBPMSU _cspa _dBPMSU _d |
||
| 100 | 1 | _aBeck, Eleonore | |
| 245 | 1 | 0 |
_aDios habla a sus hijos / _cEleonore Beck ; ilustración Miren Sorne ; traducción Constantino Ruiz Garrido |
| 260 |
_aEstella (Navarra), España : _bVerbo divino, _c1989. |
||
| 300 |
_a96 p. : _bil. _c19 cm. |
||
| 500 | _a"Como aporte al fortalecimiento de la fe, con motivo del V Centenario de la Evangelización de América Latina." | ||
| 600 | 0 | 0 |
_a _x |
| 700 | 1 | 2 |
_aSorne, Miren, _eil. |
| 700 | 1 | 2 |
_aRuiz Garrido, Constantino, _etrad. |
| 942 |
_2ddc _cBK |
||
| 945 | _aInventariado infantil / 2017 VM | ||
| 956 |
_2YLOCKWARD _310 _8BPMSU |
||
| 999 |
_c11580 _d11580 |
||